Comisión México-Japón Siglo XXI : informe final : socios a través del Pacífico /
Durante su visita a Japón en junio de 1990, el entonces presidente de México Salinas de Gortari y el primer ministro japones Kaifu, acordaron la creación de la Comisión México-Japón Siglo XXI con el propósito de examinar la posibilidad de darle un nuevo sentido a las relaciones bilaterales entre amb...
Guardat en:
| Format: | Llibre |
|---|---|
| Idioma: | espanyol |
| Publicat: |
México :
Secretaría de Relaciones Exteriores,
1992, c1992
|
| Matèries: | |
| Etiquetes: |
Sense etiquetes, Sigues el primer a etiquetar aquest registre!
|
MARC
| LEADER | 00000nam^a2200000^a^4500 | ||
|---|---|---|---|
| 001 | 000156966 | ||
| 005 | 20250521000000.0 | ||
| 009 | 20260310100521.856 | ||
| 020 | |a 968-810-349-7 | ||
| 037 | |a Acervo ITESO - Biblioteca | ||
| 041 | |a ESP | ||
| 082 | |a 327. 72052 |b COM | ||
| 240 | 1 | 1 | |a [Comisión México-Japón Siglo XXI] |
| 245 | 1 | 0 | |a Comisión México-Japón Siglo XXI : |b informe final : socios a través del Pacífico / |
| 264 | 4 | |a México : |b Secretaría de Relaciones Exteriores, |c 1992, c1992 | |
| 300 | |a 62 p. | ||
| 336 | |a texto |b txt |2 rdacontenido | ||
| 337 | |a sin mediación |b n |2 rdamedio | ||
| 338 | |a volumen |b nc |2 rdasoporte | ||
| 520 | |a Durante su visita a Japón en junio de 1990, el entonces presidente de México Salinas de Gortari y el primer ministro japones Kaifu, acordaron la creación de la Comisión México-Japón Siglo XXI con el propósito de examinar la posibilidad de darle un nuevo sentido a las relaciones bilaterales entre ambas naciones. El documento presenta el resultado a que llegó dicha Comisión, la cual fue presentada a ambos gobernantes. | ||
| 649 | |a XX | ||
| 650 | |a Relaciones Internacionales - |z México-Japón - |x Historia | ||
| 650 | |a Política Exterior - |z México - |x Historia - |y 1988-1994 | ||
| 650 | |a Política Exterior - |z México - |x Historia - |y Siglo XX | ||
| 650 | |a Política Exterior - |z Japón - |x Historia - |y Período Heisei, 1989 en Adelante | ||
| 650 | |a Política Exterior - |z Japón - |x Historia - |y Siglo XX | ||
| 650 | |a Zonas de Libre Comercio | ||
| 650 | |a Tratado de Libre Comercio | ||
| 650 | |a Tratados Comerciales Internacionales - |z México-Japón | ||
| 650 | |a Comercio Internacional - |z México-Japón | ||
| 650 | |a Inversiones Extranjeras - |z México | ||
| 650 | |a Deuda Externa - |z México | ||
| 650 | |a Política Financiera | ||
| 650 | |a Política Monetaria | ||
| 650 | |a Política Económica | ||
| 650 | |a México - |x Condiciones Económicas | ||
| 650 | |a Economía Internacional | ||
| 650 | |a Economía | ||
| 650 | |a Cooperación Internacional | ||
| 910 | |a Fondo General | ||
| 920 | |a Impresos - Libros | ||
| 930 | |a Colección General | ||
| 905 | |a 101 | ||
| 901 | |a 0500084057 |b IT1 |c ACC |u 20250521 | ||
| 902 | |a https://opac.biblio.iteso.mx/vufind/Record/000156966 | ||